Cities of Pasco County, Florida - Statistics

General Stats
  • This quiz has been taken 4 times
  • The average score is 3 of 6
Answer Stats
Answer Population % Correct
Zephyrhills 19,294
100%
New Port Richey 17,347
67%
Port Richey 3,356
67%
Dade City 7,675
33%
San Antonio 1,433
33%
St. Leo 2,623
33%
No matching quizzes found
Score Distribution
Percent of People with Each Score
Percentile by Number Answered
Your Score History
You have not taken this quiz